| Tag |
First Indicator |
Second Indicator |
Subfields |
| LEADER |
00000cam a2200000 4500 |
| 001 |
in00000061568 |
| 005 |
20151007082844.0 |
| 008 |
720801s1964 enk b 00000 eng u |
| 010 |
|
|
|a 64021539
|
| 035 |
|
|
|a (OCoLC)00371062
|
| 035 |
|
|
|9 AAF8497AM
|
| 040 |
|
|
|c WSU
|d OCL
|d TXA
|d UtOrBLW
|
| 049 |
|
|
|a TXAM
|c [451900]
|
| 090 |
|
|
|a B1111
|b .D3
|
| 092 |
|
|
|a 192.09
|b D255e
|
| 100 |
1 |
|
|a Davies, Hugh Sykes,
|d 1909-1984.
|
| 245 |
1 |
4 |
|a The English mind ;
|b studies in the English moralists presented to Basil Wiley /
|c Edited by Hugh Sykes Davies and George Watson.
|
| 264 |
|
1 |
|a Cambridge [England] :
|b University Press,
|c 1964.
|
| 300 |
|
|
|a 302 pages
|
| 336 |
|
|
|a text
|b txt
|2 rdacontent
|
| 337 |
|
|
|a unmediated
|b n
|2 rdamedia
|
| 338 |
|
|
|a volume
|b nc
|2 rdacarrier
|
| 504 |
|
|
|a Bibliographical footnotes.
|
| 600 |
1 |
0 |
|a Willey, Basil,
|d 1897-1978.
|
| 650 |
|
0 |
|a Philosophy, English.
|
| 650 |
|
0 |
|a Ethics
|x History
|z Great Britain.
|
| 650 |
|
0 |
|a English literature.
|
| 650 |
|
0 |
|a Festschriften.
|
| 700 |
1 |
|
|a Willey, Basil,
|d 1897-1978.
|
| 700 |
1 |
|
|a Watson, George,
|d 1927-2013.
|
| 999 |
|
|
|a MARS
|
| 999 |
f |
f |
|s 2a51550e-993e-3b16-9d6c-c823cfd497a1
|i ba14e952-c355-3442-93e3-36a94f65b3b8
|t 0
|
| 952 |
f |
f |
|p ric
|a Texas A&M University
|b Rellis Campus
|c Joint Library Facility
|d Remote Storage
|t 0
|e B1111 .D3
|h Library of Congress classification
|i unmediated -- volume
|m A14800542774
|
| 998 |
f |
f |
|a B1111 .D3
|t 0
|l Remote Storage
|